000 00677nam a22002295i 4500
001 19126076
003 ARRUPE
005 20160919115522.0
008 160608s2016 cn 000 0 eng
010 _a 2015332368
020 _a9780969530763
040 _aDLC
_beng
_cDLC
_erda
042 _apcc
_alcode
050 _aDT3113.H198
245 1 4 _aThe case against tribalism in Zambia /
_ccompiled by Dr. Munyonzwe Hamalengwa.
260 _aToronto
_bAfrica in Canada Press
_c2016
300 _a194 pages ;
_c20cm
650 _aZambia
_xPolitics
_y1964-
_924549
906 _a0
_bibc
_corigode
_d3
_encip
_f20
_gy-gencatlg
942 _2lcc
_cMONOGRAPH
999 _c124831
_d124831